00639nam a2200229 a 4500001001300000003000900013005001700022008004100039020000800080082001600088100001900104245003000123260005300153300000900206500003500215505002000250650001500270902000800285942000700293952009400300999001500394nice12345678IN_TiNIC20260116011527.0050524s1950 newa grp 000 0 eng  ac000a651.02bLOS aLoso, Foster W aClerical Office Practice. aNew YorkbSouth-Western Publishing Companyc1950 a504p aincludes index and biblioraphy2 aappendix, index aManagement bSRS cBK 00104070aHMIbHMId2005-05-24g0.00l0o651.02 LOSp2244r2005-05-24w2026-01-16yARB c2334d2334